分開之前, 先學會道別 / (Record no. 7619)
[ view plain ]
| 000 -LEADER | |
|---|---|
| fixed length control field | 00799cam a2200265 i 4500 |
| 001 - CONTROL NUMBER | |
| control field | 1129322 |
| 003 - CONTROL NUMBER IDENTIFIER | |
| control field | YEEZEN |
| 005 - DATE AND TIME OF LATEST TRANSACTION | |
| control field | 20241104104322.0 |
| 008 - FIXED-LENGTH DATA ELEMENTS--GENERAL INFORMATION | |
| fixed length control field | 240423s2022 ch a g 000 e chi d |
| 020 ## - INTERNATIONAL STANDARD BOOK NUMBER | |
| International Standard Book Number | 9786269695591 |
| Qualifying information | (平裝) : |
| Terms of availability | NT$450 |
| 040 ## - CATALOGING SOURCE | |
| Original cataloging agency | PTTCL |
| Language of cataloging | chi |
| Transcribing agency | PTTCL |
| 042 ## - AUTHENTICATION CODE | |
| Authentication code | nbic |
| 084 ## - OTHER CLASSIFICATION NUMBER | |
| Classification number | 863.55 |
| Number source | ncsclt |
| 090 ## - LOCALLY ASSIGNED LC-TYPE CALL NUMBER (OCLC); LOCAL CALL NUMBER (RLIN) | |
| Classification number (OCLC) (R) ; Classification number, CALL (RLIN) (NR) | 863.55 |
| 100 1# - MAIN ENTRY--PERSONAL NAME | |
| Personal name | Su, Peter. |
| 245 10 - TITLE STATEMENT | |
| Title | 分開之前, 先學會道別 / |
| Statement of responsibility, etc. | Peter Su著 |
| 246 1# - VARYING FORM OF TITLE | |
| Display text | 封面副題名 : |
| Title proper/short title | 拉達克, 未完成的故事集I. |
| 246 1# - VARYING FORM OF TITLE | |
| Display text | 封面英文題名 : |
| Title proper/short title | Before we say goodbye : Ladakh I. Unfinished tales. |
| 250 ## - EDITION STATEMENT | |
| Edition statement | 初版 |
| 260 ## - PUBLICATION, DISTRIBUTION, ETC. | |
| Place of publication, distribution, etc. | 臺北市 : |
| Name of publisher, distributor, etc. | 是日創意文化, |
| Date of publication, distribution, etc. | 2024.04 |
| 300 ## - PHYSICAL DESCRIPTION | |
| Extent | 221 面 : |
| Other physical details | 彩圖 ; |
| Dimensions | 22 公分 |
| 500 ## - GENERAL NOTE | |
| General note | 著者本名蘇世豪 |
| 700 1# - ADDED ENTRY--PERSONAL NAME | |
| Personal name | 蘇世豪 |
| 942 ## - ADDED ENTRY ELEMENTS (KOHA) | |
| Source of classification or shelving scheme | 中文圖書分類法 |
| Koha item type | 一般圖書 |
| 撤銷狀態 | 遺失狀態 | 分類號來源 | 損壞狀態 | 不外借 | 永久館藏地 | 現在館藏地 | 書架位置 | 採購日期 | 全部借出 | 全部續借 | 完整索書號 | 條碼號 | 最後一次日期記錄 | Date last checked out | 一般價格有效日期 | Koha館藏類型 | 公開資訊 |
|---|---|---|---|---|---|---|---|---|---|---|---|---|---|---|---|---|---|
| 未註銷館藏 | 未遺失 | 中文圖書分類法 | 未損毀 | 可外借 | 怡仁綜合醫院圖書館 | 怡仁綜合醫院圖書館 | 2024-11-04 | 2 | 1 | 863.55 | C03198 | 2025-01-24 | 2025-01-13 | 2024-11-04 | 一般圖書 | 生活,本來就不是單一樣貌,我們之所以能成為自己,是由你所熱愛的一切組合而成的。 無論是旅行、寫字、藝術還是時裝,都和他的生活息息相關,也是他尋找故事靈感的開端。 |